| 000 | 01130nam a2200229 i 4500 | ||
|---|---|---|---|
| 001 | 181806 | ||
| 003 | ES-MaACL | ||
| 005 | 20230906221446.0 | ||
| 008 | 130327s1930 sp f |||| | spa d | ||
| 080 | _a904(464.2 T.):725.826.032.7 | ||
| 110 | 2 |
_aComisión de Monumentos Históricos y Artísticos de la Provincia de Toledo. _9152527 |
|
| 245 | 1 | 0 |
_aExcavaciones en Toledo _b: memoria de los trabajos efectuados en el circo romano por la Comisión de Monumentos Históricos y Artísticos de la Provincia / _cbajo la dirección de Francisco de B. San Román.. (et al.). |
| 260 |
_aMadrid : _b[s.n.], _c1930 ( _fTipografía de Archivos) |
||
| 300 |
_a10 p., VI h. de lám., 1 h. pleg. de plano ; _c24 cm. |
||
| 490 | 1 |
_aJunta Superior de Excavaciones y Antigüedades ; _v109, 5, 1929 |
|
| 610 | 2 | 4 |
_aCirco romano (Toledo) _9152528 |
| 700 | 1 |
_aSan Román y Fernández, Francisco de Borja de. _9102303 |
|
| 710 | 2 |
_aEspaña. _bJunta Superior de Excavaciones y Antigüedades. _9152463 |
|
| 830 | 0 |
_aJunta Superior de Excavaciones y Antigüedades ; _v109, 5, 1929 _9191570 |
|
| 852 |
_aES-MaACL _jE-3378(5) |
||
| 999 |
_c181806 _d181806 |
||